| 000 | 00802cam a2200193 4500 | ||
|---|---|---|---|
| 001 | WB364004 | ||
| 008 | 000000n2000 000 0 eng u | ||
| 035 | _a(Sirsi) u108742 | ||
| 245 | _aOffices avoid 'boom-bust' scenario | ||
| 260 | _c2000 | ||
| 490 |
_aEstates Gazette _v(0040) 7 October 2000, 42(1) |
||
| 520 | _aLondon office development is unlikely to repeat the boom-bust scenario of the late 1980s or the early 1990s in the mid-term according to a report from EGI London Property Research "Office Development in London". For copies tel: 020-7411-2647. | ||
| 590 | _aWB | ||
| 650 | _aLONDON | ||
| 650 | _aPROPERTY-COMMERCIAL PROPERTY-OFFICE PROPERTY-OFFICE PROPERTY MARKET | ||
| 650 | _aPROPERTY CYCLES | ||
| 690 | _aPROPERTY-COMMERCIAL PROPERTY-COMMERCIAL PROPERTY MARKET | ||
| 942 | _n0 | ||
| 999 |
_c64919 _d64919 |
||